Test culture générale- 24 - Statistiques

Statistiques générales
  • Ce quiz a été pris 2 162 fois
  • Le résultat moyen est 6 sur 10
Statistiques - réponses
Questions Réponses % Correct
Parmis les termes suivant, lequel est un antonyme de « chasteté »: Célibat, débauche, prudence, ou modération? Débauche
90%
En 1914, l’héritier du trône de l’Empire Autro-hongrois est assassiné. C’est l’un des évènement majeurs déclenchant la Première Guerre Mondiale. Quel était son nom? François Ferdinand d’Autriche-Este
73%
Quelle région de l’Ukraine la Russie a-t-elle annexée en 2014? La Crimée
73%
Dans quel roman de Georges Orwell trouve-t-on la figure totalitaire de Big Brother? 1984
69%
Quel animal était appelé Goupil au Moyen-Âge? Le renard
69%
Dans quel état des États-Unis le Grand Canyon se trouve-t-il? En Arizona
55%
De quelle cité venait Thucydide le stratège ayant déclaré que « l’argent est le nerf de la guerre »? Athènes
53%
Comment se nomme un bateau à trois coques? Un trimaran
51%
Quel était l’instrument de prédilection de qu’étudiée Menuhin? Le violon
33%
Quel film raconte l’histoire d’un chef guerrier rebelle à une domination étrangère? Braveheart
16%
Aucun quiz correspondant
Distribution des résultats
% des personnes avec chaque résultat
Percentile par nombre de réponses
Votre historique - résultats
Vous n’avez pas pris ce quiz